| 000 | 00686nam a2200277Ia 4500 | ||
|---|---|---|---|
| 001 | Z_3597 | ||
| 003 | CHAP | ||
| 008 | 220113s1981 xx 000 0 und d | ||
| 010 | _a166681 | ||
| 040 | _cCHAP | ||
| 090 | _aFolleto 403 | ||
| 100 |
_aInternational Worshop on Biological Nitrogen Fixation Technology for Tropical Agriculture (1981 : Cali, Colombia) _9140806 |
||
| 245 |
_aResúmenes / _cby CIAT |
||
| 260 |
_aCali, Colombia : _bCIAT, _c1981 |
||
| 300 | _a123 h. | ||
| 440 | _a | ||
| 500 | _a | ||
| 503 | _a | ||
| 650 |
_aNitrógeno _xFijación _981472 |
||
| 901 | _aFolleto 403 | ||
| 902 | _aA | ||
| 910 | _a1981 | ||
| 942 | _cc14 | ||
| 942 | _cc14 | ||
| 999 |
_c166681 _d166681 |
||